| 000 | 00397cam a22001097a 4500 | ||
|---|---|---|---|
| 008 | 180718b1985 xxu||||| |||| 00| 0 eng d | ||
| 082 | _aT000x54 1985-90 | ||
| 245 |
_aSeventh five year plan 1985-90 : perspective, o0bjestives, strategy, macro-dimensions and resources _cby Planning Commission |
||
| 260 |
_aNew Delhi _bGovernment Of India _c1985 |
||
| 300 | _av.p. | ||
| 700 | _aIndia.Planning Commission | ||
| 999 |
_c496710 _d496710 |
||